<?xml version="1.0" encoding="UTF-8"?>
<record
    xmlns:xsi="http://www.w3.org/2001/XMLSchema-instance"
    xsi:schemaLocation="http://www.loc.gov/MARC21/slim http://www.loc.gov/standards/marcxml/schema/MARC21slim.xsd"
    xmlns="http://www.loc.gov/MARC21/slim">

  <leader>00370    a2200121   4500</leader>
  <controlfield tag="001">ART_35110</controlfield>
  <controlfield tag="005">20260410162005.0</controlfield>
  <controlfield tag="008">260409a                                 </controlfield>
  <datafield tag="245" ind1="1" ind2="0">
    <subfield code="a">Prescripci&#xF3;n liberatoria y caducidad</subfield>
  </datafield>
  <datafield tag="100" ind1="1" ind2=" ">
    <subfield code="a">Tanzi, Silvia Y.</subfield>
  </datafield>
  <datafield tag="700" ind1="1" ind2=" ">
    <subfield code="a">Fossaceca, Carlos Alberto (h)</subfield>
  </datafield>
  <datafield tag="773" ind1="0" ind2=" ">
    <subfield code="t">Temas de derecho civil</subfield>
    <subfield code="g">- A&#xF1;o 1, N&#xBA; 3 (dic. 2015)</subfield>
    <subfield code="w">REV34778</subfield>
  </datafield>
  <datafield tag="999" ind1=" " ind2=" ">
    <subfield code="c">31611</subfield>
    <subfield code="d">31611</subfield>
  </datafield>
</record>
